000 00413nam a2200169Ia 4500
001 13422
003 IN-NITTTR
005 20251114233126.0
008 251113s9999||||xx |||||||||||||| ||eng||
040 _beng
040 _cIN-NITTTR
041 _aeng
082 _a371.39445 R631C
100 _aRogers, Jean B.
245 0 _aComputer education for colleges of education. /
_cRogers, Jean B.
942 _2ddc
_cBK
999 _c16058
_d16058